000 00413nab a2200145Ia 4500
003 ES-SlBCS
005 20210601124256.0
008 140529s1950 xxu||||| |||| 00| 0 eng d
041 _aeng
100 1 _aCrowley, Brendan
_9138951
245 0 4 _aThe Prince of Peace
_c Brendan Crowley
650 0 4 _aPríncipe de la Paz
_9138952
773 0 _tDominicana
_gvol. 35, nº. 4, 1950, págs. 229-233
_wRev1398
942 _cAR
999 _c512166
_d512166